000 01437agaaa2200277 4500
001 1717
003 IT-RoPAU
005 20220918181259.0
007 d cvaizq
008 50131s9999||||xx ||| | || ||und||
040 _aIT-RoPAU
_cIT-RoPAU
041 _aITALIANO
100 _aMonge Attilio
_gCodice regista SPICS: 3643
_952478
130 _aSANTA MESSA E DEDICAZIONE DELL'ALTARE DEL DUOMO DI MILANO
_952479
245 _aSANTA MESSA E DEDICAZIONE DELL'ALTARE DEL DUOMO DI MILANO
_cDiretto da: Monge Attilio
_pSANTA MESSA E DEDICAZIONE DELL'ALTARE DEL DUOMO DI MILANO (Rif. Codice opera principale : 41717)
250 _aEdizione Standard
260 _aROMA (ITALIA)
_bRAI - RADIO TELEVISIONE ITALIANA /
_g"1986 (1° ed.: 1986 ; Ed. Lingua Orig.: 1986)"
300 _aVHS
_bsonoro, col.
520 _a6-CENTENARIO-FONDAZIONE-DUOMO-DI-MILANO LITURGIA EUCARISTICA NEL CORSO DELLA QUALE C'E' LA CONSACRAZIONE E LA DEDICAZIONE DELL'ALTARE MAGGIORE DELLA BA PRESIEDE L'EUCARESTIA IL CARDINALE CARLO MARIA MARTINI CON I CARDINALI GIOVANNI COLOMBO ATTORNIATI DAI VESCOVI LOMBARDI ALL'ORGANO IL MAESTRO BENEDETTI
538 _aPAL, STEREO
546 _aITALIANO
650 _aRELIGIOSO
_eTV-PROGRAMMI RELIGIOSI [VHS]
_xCodice MATERIA SPICS: 9963
_952480
700 _aMartini Carlo Maria
_e(soggetto)
_gCodice Soggetto SPICS: 18349
_952481
700 _aMonge Attilio
_e(regista)
_gCodice regista SPICS: 3643
_952482
942 _cVH
_2ddc
999 _c107531
_d107531